An essay on racial tension (Record no. 9728)

MARC details
000 -LEADER
fixed length control field 00465cam a22001811 4500
003 - CONTROL NUMBER IDENTIFIER
control field OSt
005 - DATE AND TIME OF LATEST TRANSACTION
control field 20260511142132.0
008 - FIXED-LENGTH DATA ELEMENTS--GENERAL INFORMATION
fixed length control field 770329s1954 xx 000 0 eng c
015 ## - NATIONAL BIBLIOGRAPHY NUMBER
National bibliography number GB54-13440
020 ## - INTERNATIONAL STANDARD BOOK NUMBER
International Standard Book Number 03289
040 ## - CATALOGING SOURCE
Transcribing agency IRDP
082 ## - DEWEY DECIMAL CLASSIFICATION NUMBER
Edition number 320.56 MAS
100 1# - MAIN ENTRY--PERSONAL NAME
Personal name Mason, Philip.
245 03 - TITLE STATEMENT
Title An essay on racial tension
260 ## - PUBLICATION, DISTRIBUTION, ETC. (IMPRINT)
Place of publication, distribution, etc. London;
Name of publisher, distributor, etc. Royal Institute of International Affairs,
Date of publication, distribution, etc. 1954.
504 ## - BIBLIOGRAPHY, ETC. NOTE
Bibliography, etc Bibliography: p. 147-149.
942 ## - ADDED ENTRY ELEMENTS (KOHA)
Source of classification or shelving scheme Dewey Decimal Classification
Koha item type BOOKS
Holdings
Withdrawn status Lost status Source of classification or shelving scheme Damaged status Not for loan Home library Current library Shelving location Date acquired Total Checkouts Full call number Barcode Date last seen Price effective from Koha item type
    Dewey Decimal Classification     Dodoma Dodoma Ground Floor 11/05/2026   320.56 MAS LIB003502 11/05/2026 11/05/2026 BOOKS

IRDP © 2021 :: Managed by ICT Team